Closest capital acrostics- L capitals - Statistics

General Stats
  • This quiz has been taken 67 times
  • The average score is 51 of 61
Answer Stats
Hint Answer % Correct
L Luanda
100%
I Islamabad
97%
L London
97%
L Luanda
97%
O Oslo
97%
I Islamabad
94%
L Lusaka
94%
L Lusaka
94%
L Luxembourg
94%
O Oslo
94%
S San Marino
94%
U Ulaanbaatar
94%
U Ulaanbaatar
94%
G Gaborone
90%
I Islamabad
90%
I Islamabad
90%
J Juba
90%
O Oslo
90%
W Windhoek
90%
A Asuncion
87%
B Bern
87%
B Bratislava
87%
B Brussels
87%
D Dublin
87%
J Jerusalem
87%
L Libreville
87%
L Lilongwe
87%
L Lome
87%
L London
87%
L London
87%
M Monaco
87%
O Ouagadougou
87%
O Ouagadougou
87%
U Ulaanbaatar
87%
U Ulaanbaatar
87%
N Nicosia
84%
N Nicosia
84%
O Ouagadougou
84%
R Rome
84%
L Libreville
81%
R Rabat
81%
A Accra
77%
A Antananarivo
77%
B Brazzaville
77%
L Luxembourg
77%
M Managua
77%
V Valletta
74%
A Abuja
71%
A Amsterdam
71%
A Andorra la Vella
71%
D Dodoma
71%
G Georgetown
71%
K Kigali
71%
L Lome
68%
M Malabo
65%
N Nairobi
65%
N Nouakchott
65%
N Nouakchott
65%
A Addis Ababa
61%
S Sao Tome
61%
N N'Djamena
55%
No matching quizzes found
Score Distribution
Percent of People with Each Score
Percentile by Number Answered
Your Score History
You have not taken this quiz